[Event "Qatar Masters op"]
[Site "Doha"]
[Date "2015.12.24"]
[Round "5"]
[White "Carlsen, Magnus"]
[Black "Li, Chao B"]
[Result "1-0"]
[WhiteElo "2834"]
[BlackElo "2750"]
[Annotator "Nielsen,Peter Heine"]
[PlyCount "71"]
[EventDate "2015.12.20"]
[EventType "swiss"]
[EventRounds "9"]
[EventCountry "QAT"]
[SourceTitle "CBM 170"]
[Source "ChessBase"]
[SourceDate "2016.01.15"]
[SourceVersion "1"]
[SourceVersionDate "2016.01.15"]
[SourceQuality "1"]

{The world champion's return to open tournaments indeed had a rough start, but
by round 5 he certainly had found his pace, and on Christmas Eve he created
excellent entertainment for all those kids waiting for the evening to come.
And for all other chess-lovers:} 1. d4 Nf6 2. c4 g6 3. f3 $5 {A move that has
been very much in the limelight over the last couple of years, but somehow the
interest seems to have faded a bit, for no apparent reason except fashion.} d5
4. cxd5 Nxd5 5. e4 Nb6 6. Nc3 Bg7 7. Be3 O-O 8. Qd2 Nc6 9. O-O-O f5 (9... Qd6 {
has been established as the main line, and is what Caruana played against
Magnus in Norway Chess 2014. But Li, stays true to his favourite choice.}) 10.
e5 Nb4 11. Nh3 Qe8 $5 {Here however Li springs his surprise, just before
Magnus would had a chance to show how he thought to proceed after Li's usual
move 11..a5. The text move has the queen not only the keeping an eye on the
f7-square, attacking a2, but also ideas like ...Na4 exchanging of an important
defender of both the queenside and the d5-square. Magnus, almost in Grischuk
like fashion, here had a very long think, trying to grasp the subleties of
Li's novelty.} 12. Kb1 a5 {Black switches back to this move, the point of 12.
Kb1 being that 12...Qf7 could now just be answered by 13.Ng5! and 13...Nxa2 no
longer is check.  In a way this position is a "mini zugzwang", in the sense
that White would love to play Nf4 and h4 with a complete grip, but Black's
concept with ...Qe8 is, that Nf4 can be answered strongly by ...g5! as h5 is
protected. Thus Black do not want to play ...Be6, as this exactly allows Nf4
and h4, so both players try to bide their time, while making small
improvements to their position.} 13. Be2 c6 14. Rc1 Kh8 $6 {A logical move,
seen often in the Leningrad Dutch freeing the g8-square for the black bishop,
but with hindsight it is easy to see that the king is very vulnerable in the
h-file.} (14... Be6 {seems preferable straight away, even if} 15. Ng5 $5 {
still seems to give White a promising position.}) 15. Ka1 $1 {One could make
the same argument here in reverse, that the white king is vulnerable due to
the attack in the a-file, but there is a major difference. Partly in that
there is no white pawn on b3, and thus the direct ...a4 is harmless, but
especially as it becomes relevant in the game that ...Bxa2 is no longer check.}
Be6 16. Nf4 ({Without the inclusion of ...Kh8 Ka1} 16. Ng5 {was the move, here
however it leads to} Nc4 $1 {as} 17. Qe1 $4 {now fails to} Nxe3 {when} 18. Nxe6
{is met by a deadly fork on c2, due to the king now being on a1.}) 16... Qf7
17. h4 $1 {Exploiting the situation to the maximum attacking the black king
and not caring about an unimportant pawn.} Bxa2 $6 {A very principled move.} (
17... Rfd8 {still seemed very decent, as the threat of 18...Bxe5 slows White
down somewhat.} {Probably} 18. Nh3 $5 {is the correct way forward, preparing
19.h5, and if} ({, and} 18. Nxe6 Qxe6 19. f4 (19. h5 g5) 19... h5 $1 {leaves
the position too blocked for White's liking.}) ({The straightforward} 18. h5 g5
19. Ng6+ Kg8 {leads nowhere}) 18... h5 {by Black, then} ({and if} 18... Bxe5 {
then} 19. Ng5 $1 {followed by 20.h5 gives a very dangerous attack for the
sacrificed pawn.}) 19. g4 $1) 18. h5 Kg8 {Of course it can be seen as
admitting that move 14 was wrong, but Black will claim he won the a2-pawn, and
that White has to play energetically to prove Black's plan wrong:} 19. hxg6
hxg6 20. g4 Bb3 $1 {Neccesary,} ({as} 20... a4 {is answered by the simple} 21.
gxf5 a3 22. b3 $1 {when Black's attack comes much too late, despite winning
the white queenside pawns. But now however should the black pawn reach a3, his
threats are deadly, so Magnus has to act decisively.}) 21. Bd1 $1 {White wants
to get his queen to h2 as soon as possible, creating mating threats against
the black king, but in this way he maximises the pressure on Black's position,
exploiting the fact that the bishop on b3 is vulnerable, which is more than
Black's position can bear. Another move actually has a lot of logic too:} ({
As White wants to get his queen to h2, and also slow down Black's attack,} 21.
Ba6 $5 {comes to mind, and indeed the computers after some time shows White is
completely winning!}) 21... a4 22. Qh2 Rfd8 23. Qh7+ Kf8 24. d5 {A good move,
attacking the knight on b6, and if a knight takes on d5, allowing e6.} ({
However} 24. gxf5 $5 {might be a simpler win, allthough "simple" might not be
very accurate, the point is that after} gxf5 (24... a3 {also does not work, as}
25. Bxb3 Qxb3 26. Ne6+ $1 {is just in time, due to} Ke8 27. Qg8+ $1 Kd7 28.
Nc5+ {winning the queen on b3.}) {the counter-intuitive} 25. Bxb3 $1 axb3+ 26.
Kb1 {is completely winning for White, as his attack comes first. The main
point is} Ra5 27. Rcg1 Rda8 {and now} 28. Qh8+ $1 {exploits the g-file which
has been opened, and wins on the spot.}) 24... Nc4 $5 {Setting up an
unstoppable threat of ...a3. White's only chance it getting to the black king
first, which requires very accurate calculation.} 25. Nxg6+ $1 {Reversing the
order would be fatal.} ({After} 25. e6 $4 a3 $1 {Black gives mate.}) 25... Ke8
26. e6 a3 $5 {Very close to being brilliant.} 27. exf7+ Kd7 {It looks like the
black king has escaped, and being a queen down seems less important, than the
speed of the mating attack. But:} 28. Ne5+ $3 {Destabilising the knight on c4
is the key, as without it, Black has no forced mate.} ({That White is in grave
danger is illustrated by} 28. bxa3 $4 Rxa3+ 29. Kb1 Bc2+ $3 {which forces mate.
} 30. Bxc2 (30. Rxc2 Rb3+ $1 31. Kc1 Nd3# {being the point.}) 30... Ra1+ $3 31.
Kxa1 Bxc3+ 32. Kb1 Na3#) 28... Bxe5 ({As} 28... Kc7 29. Nxc4 {puts an end to
the black attack,}) ({or} 28... Nxe5 29. Bxb3 {as well, Black has no choice.})
29. Qxf5+ Kc7 30. Qxe5+ $3 {Forcing the Nc4 to leave its post. As 30...Kc8 31.
Qe6+ is curtains, Black has to take.} Nxe5 31. Bxb3 {The bishop on b3, did end
up hanging! Materially Black is not in a hopeless situation, as he now wins an
exchange, but the passed pawn on f7 makes White's edge decisive.} axb2+ 32.
Kxb2 Nbd3+ 33. Kb1 Nxc1 34. Rxc1 Kc8 ({If} 34... Nxf7 {then} 35. dxc6 {
threatening on f7, as well as Nb5+ wins.}) 35. dxc6 bxc6 36. f4 {And Black
resigned. Magnus' trademark indeed is unique technical performances making him
compared to Capablance, but in this game he shows he also has the ability to
play like Tal.} 1-0

[Event "Qatar Masters op"]
[Site "Doha"]
[Date "2015.12.26"]
[Round "6"]
[White "So, Wesley"]
[Black "Carlsen, Magnus"]
[Result "1/2-1/2"]
[WhiteElo "2775"]
[BlackElo "2834"]
[Annotator "Marin,M"]
[PlyCount "77"]
[EventDate "2015.12.20"]
[EventType "swiss"]
[EventRounds "9"]
[EventCountry "QAT"]
[SourceTitle "CBM 170"]
[Source "ChessBase"]
[SourceDate "2016.01.15"]
[SourceVersion "1"]
[SourceVersionDate "2016.01.15"]
[SourceQuality "1"]

1. e4 e5 2. Nf3 Nc6 3. Bb5 a6 4. Ba4 Nf6 5. O-O Be7 6. Re1 b5 7. Bb3 O-O 8. c3
d6 9. h3 Na5 {The Chigorin is a rare guest in Carlsen's play.} 10. Bc2 c5 11.
d4 Qc7 {But only this move is "new" for his repertoire.} 12. Nbd2 Bd7 13. Nf1
Nc4 $5 {This old specialty of Tigran Vartanovich Petrosian is one of the
systems I recommended in "A Spanish Repertoire for Black". Instead of putting
pressure on the white centre with committal moves such as ...Bb7 or ...Na5-c6,
usually met with d4-d5, Black keeps the global harmony of his position.} (13...
Rfe8) (13... cxd4 14. cxd4) 14. b3 (14. Ne3 Nxe3 15. Bxe3 {absolves Black of
the problem of finding a good square for his queen's knight.} Rfc8 {This was
one (and probably the best) choices of Petrosian.} ({The latest game with this
system went} 15... Rfe8 16. d5 {Not really necessary since Black was not
threatening to break open the centre} c4 17. Nh2 a5 18. a3 Rab8 19. Bd2 h6 20.
Nf1 Nh7 21. Ne3 Bg5 $11 {Naroditsky,D (2622)-Glud,J (2531) Helsingor 2015 (1/
2-1/2, 24)}) ({Things did not go well for Petrosian in the following game
which became famous for his trademark exchange sacrifice:} 15... Be6 16. Nd2
Rfe8 17. f4 Rad8 18. fxe5 dxe5 19. d5 Bd7 20. c4 Rb8 21. a4 b4 22. a5 Rf8 23.
Ba4 Bxa4 24. Rxa4 Rbd8 25. Qf3 Rd6 26. Nb3 Nd7 27. Raa1 Rg6 28. Rf1 Bd6 29. h4
Qd8 30. h5 Rf6 31. Qg4 Rf4 $5 {Tal,M-Petrosian,T Riga 1958 URS-ch [ChessBase] 
(1/2-1/2, 73). This position is mentioned by Tal in his foreward to the modern
edition of Nimzowitsch's "My system" in Russian.}) 16. Rc1 Bc6 17. Nd2 cxd4 18.
cxd4 Qb7 19. d5 Be8 20. Qe2 Bd8 {Karpov,A (2705)-Petrosian,T (2645) Milan 1975
(1/2-1/2, 28), with a perfect regrouping for Black.}) ({Against} 14. d5 {
Petrosian designed the paradoxical retreat} Nb6 $5 {The main idea is that in
order to develop his bishop without having to return at once after ...Nb6-c4,
White would need to play b2-b3. In that case Black could speed up his
queenside counterplay with the knight optimally placed.} 15. g4 (15. N3h2 Ne8
16. Ng3 g6 17. Bh6 Ng7 18. Nhf1 Qd8 19. f4 exf4 20. Bxf4 Nc4 21. Qc1 Bf6 22.
Bd3 Ne5 $15 {Palac,M (2591)-Delchev,A (2598) Skopje 2015 (1/2-1/2, 42)}) (15.
b3 a5 {[%cal Gc5c4,Ra5a4]}) 15... h5 $1 16. gxh5 ({In a modern game White
reacted poorly:} 16. N3h2 hxg4 17. hxg4 Nh7 18. Ng3 Bg5 $15 {Dvirnyy,D (2459)
-Vocaturo,D (2480) Brescia 2009 (0-1, 49)}) 16... Bxh3 17. N3h2 Bxf1 18. Nxf1
Qd7 19. Ng3 Qh3 20. Qf3 g6 21. Bd1 Rfe8 22. Qg2 Qxg2+ 23. Kxg2 {Kasparov,
G-Petrosian,T (2610) Banja Luka 1979 (1/2-1/2, 23)}) 14... Nb6 15. Ne3 c4 {
Virtually forced since White was threatening dxe5 followed by c3-c4 and Nd5.}
16. Ba3 Rfe8 17. Qd2 Bf8 {A typical position for this line: White cannot fully
enjoy his advantage in the centre due to Black's queenside pressure.} 18. bxc4
{A rare move. White usually tries increasing the pressure in the centre, but
without any special consequences.} (18. Rad1 a5 19. dxe5 dxe5 20. Bxf8 Kxf8 21.
Nd5 (21. Qd6+ Qxd6 22. Rxd6 cxb3 23. axb3 Nc8 24. Rd2 Nb6 25. c4 bxc4 26. bxc4
Rac8 $11 {The same line with a white rook on a1, resulting after 18.Red1 given
below, would not work since the a5- and e5-pawns would be hanging.}) 21...
Nbxd5 22. exd5 Qd6 $2 (22... cxb3 23. axb3 Rac8 24. Re3 e4 25. Ne1 Qb6 $15) 23.
bxc4 bxc4 24. Qe3 e4 25. Nd2 Nxd5 26. Qd4 $16 {Nijboer,F (2552)-Bosch,J (2456)
Dieren 2009 (1-0, 33)}) (18. Rab1 a5 19. bxc4 Nxc4 20. Nxc4 bxc4 21. d5 Rab8
22. Qe2 {Nijboer,F (2583)-Pruijssers,R (2487) Groningen 2011 (1-0, 59)} Nh5 $5
23. g3 g6) (18. Red1 a5 (18... Bc6 {looks like the best way to take advantage
of the rook's departure from e1.}) 19. dxe5 dxe5 20. Bxf8 Kxf8 21. Qd6+ Qxd6
22. Rxd6 Nc8 23. Rd2 cxb3 24. axb3 Bc6 (24... Nb6 25. c4 $14 {[%cal Ge3d5]})
25. Nd5 (25. c4 $1 bxc4 26. Nxc4 $14) 25... Bxd5 26. exd5 Nd6 $15 {Bildat,J 
(2098)-Wenzel,B (2072) Hamburg 2011 (1/2-1/2, 36)}) 18... Nxc4 19. Nxc4 bxc4
20. Rab1 Rab8 21. Rxb8 (21. Rbd1 Rb6 22. Bb4 {1-0 (51) Bannik,A-Lilienthal,A
Yerevan 1954} Rb7) 21... Rxb8 22. Bb4 {Securing the bishop against the threat .
..Qa5.} h6 23. Rd1 a5 24. Ba3 {The position is about equal. In principle, one
would say that it could only be White who might take a decision in the centre,
but Carlsen thinks differently.} Bc6 $5 ({A waiting move such as} 24... Rb7 {
possibly followed by ...Rb7-b8, would have given White a hard job making any
shadow of progress.}) 25. Qe2 (25. dxe5 $6 dxe5 26. Bxf8 Kxf8 27. Qd6+ $2 Qxd6
28. Rxd6 Bxe4 $17 {[%csl Ga2,Gc3]}) 25... exd4 $5 (25... Bd7 $11) 26. Qxc4 {
Any other capture would be met with ...Bxe4, based on different tactical
nuances.} (26. cxd4 Bxe4 27. Bxe4 Re8 28. Nd2 d5 $17) (26. Rxd4 Bxe4 27. Bxe4
d5 28. Bxf8 Nxe4 29. Bxg7 (29. Ba3 Nxc3 30. Qe3 Rb1+ 31. Ne1 Nb5 $17) 29...
Kxg7 30. Qc2 Qb6 31. Rxd5 Qb1+ 32. Qxb1 Rxb1+ 33. Kh2 Nxc3 34. Rxa5 Nd1 $11 {
[%csl Gf2][%cal Gc4c3]}) (26. Nxd4 Bxe4 27. Bxe4 Nxe4 28. Qxe4 d5 29. Qxd5 Rd8
{It is important to pin the white knight.} (29... Bxa3 $2 30. Nb5 Qe7 31. Nxa3
Qxa3 32. Qxc4 $16) 30. Qb5 Bxa3 $11) 26... dxc3 27. Qxc3 Rc8 28. Qd4 {
Optically, White has the better structure but in fact his e4-pawn is just as
vulnerable as the d6-pawn. Defending it with f2-f3 would create weaknesses on
the dark squares so all in all the position remains balanced.} Bd5 $5 {An
amusing way to anticipate a possible attack along the a2-g8 diagonal..} (28...
Bb7 29. Bd3 Nd7 30. Rc1 Nc5 $11) 29. Bb1 (29. Rc1 $5 Be6 $1 (29... Bxa2 $6 30.
Qa1 Be6 31. e5 dxe5 32. Bh7+ $14) 30. Bb3 Qd7 $11) 29... Be6 {If White does
not create mating threats along the b1-h7 diagonal the bishop risks becoming a
sourece of worries.} 30. Qe3 Rb8 (30... d5 $5 31. Bxf8 Rxf8 32. e5 Ne4 33. Rc1
Qb8 34. Nd4 {The perfect blockade on d4 is compensated for by the queenside
weaknesses.} Qb2 $132 (34... Qxe5 35. f3 Qg5 36. Qxg5 Nxg5 37. Rc5 Ra8 38. Kf2
$44)) 31. Nd4 Bd7 32. Rc1 Qb6 {The game lasts for a few more moves but neither
of the players managed to find a constructive plan to improve his position.}
33. Qd2 Re8 34. Re1 a4 35. Bc2 Qb7 36. Qd3 Qc7 37. Qd2 Qb7 38. Qd3 Qc7 39. Qd2
1/2-1/2

[Event "Qatar Masters op"]
[Site "Doha"]
[Date "2015.12.27"]
[Round "7"]
[White "Carlsen, Magnus"]
[Black "Giri, Anish"]
[Result "1/2-1/2"]
[WhiteElo "2834"]
[BlackElo "2784"]
[Annotator "CB"]
[PlyCount "103"]
[EventDate "2015.12.20"]
[EventType "swiss"]
[EventRounds "9"]
[EventCountry "QAT"]
[SourceTitle "CBM 170"]
[Source "ChessBase"]
[SourceDate "2016.01.15"]
[SourceVersion "1"]
[SourceVersionDate "2016.01.15"]
[SourceQuality "1"]
[TimeControl "6000+670"]
[WhiteClock "0:32:18"]
[BlackClock "0:26:39"]

1. e4 c5 2. Nf3 d6 3. d4 Nf6 4. Nc3 cxd4 5. Nxd4 a6 6. Be2 {Carlsen - mit
einem halben Punkt Vorsprung in der Tabelle - scheut riskante Varianten und
versucht mit diesem System einen kleinen Vorteil zu bekommen und danach zu
drücken.} e5 7. Nb3 Be7 8. Bg5 Be6 (8... Nc6 $5 {war Carlsens Wahl in der
vierten Runde} 9. Qd3 Nb4 10. Qd2 h6 11. Bxf6 Bxf6 12. Nd5 Nxd5 13. Qxd5 Qc7
14. O-O-O Be7 15. Kb1 Be6 $15 {0-1 (42) Duda,J (2663)-Carlsen,M (2834) 2015})
9. Bxf6 Bxf6 10. Qd3 Be7 11. Nd5 Nd7 12. Rd1 (12. O-O-O Bxd5 13. Qxd5 Qc7 $11 {
bringt etwas Schärfe in die Stellung, doch gibt Schwarz auch einen
potentiellen Königsangriff}) 12... Bxd5 13. Qxd5 Qc7 {Diagramm [#] Ein sehr
typisches Szenario der Najdorf-Variante: Weiß hat das Feld d5 fest unter
Kontrolle und setzt nun alles daran, eine Leichtrigur, im Optimalfall den
Springer dorthin zu bringen. Mögliche Zugangsfelder sind e3 und b4, da der
Bauer auf c2 auf c3 gestellt werden muss, da er ansonsten schwer zu decken ist.
Nach e3 oder b4 kommt der Springer am besten über d2-f1-->e3 oder a1-c2 -->
e3/b4} 14. Nd2 {bringt den Springer über zweitgenannte Route auf den Weg
Richtung d5 - wo er allerdings nie ankommen wird} (14. Qc4 Qxc4 15. Bxc4 Nf6
16. Bd5 Nxd5 17. Rxd5 Rc8 {ist die optimale Figurenverteilung für Weiß, doch
auch hier ist der Sb3 zu weit vom Idealziel d5 entfernt - zudem kann Schwarz
schnell seine Entwicklung vollenden und mit .. .f5 das weiße Zentrum
attackieren.} 18. c3 g6 19. Ke2 Kd7 20. Rhd1 Ke6 21. Nd2 f5 22. a4 Rhd8 23. c4
Rc6 24. b3 Rf8 25. f4 exf4 26. Kf3 Rc5 27. Re1 Kd7 28. Rxc5 dxc5 29. exf5 Rxf5
30. Ne4 h5 31. Nc3 g5 32. h3 Bd6 33. Nd5 Be5 34. h4 gxh4 35. Rh1 Rg5 36. Rxh4
Rg3+ 37. Ke4 Bd6 38. Rxh5 Rxb3 39. Rh6 Rb2 40. Nf6+ Kc6 41. Kf5 Bb8 42. a5 {
1/2-1/2 (42) Vachier Lagrave,M (2766)-Wojtaszek,R (2733) Biel 2014}) (14. c3 $5
O-O 15. O-O b5 16. Na1 {[%cal Ga1c2,Gc2b4,Gc2e3] wäre die Alternative gewesen:
Der Vorteil von dem Sc2 ist klar ersichtlich: Schwarz muss sich um beide
Problemfelder gleichzeitig kümmern}) 14... O-O 15. O-O (15. Nc4 $6 {
funktioniert ohne Rochade nicht} Nf6 16. Qd3 b5 17. Ne3 Qa5+ {[%csl Ga2]})
15... b5 16. c3 g6 17. a3 {mit der möglichen Drohung c4 - folgende
Konstellation wäre für Weiß gut} Rab8 (17... Rfe8 $2 18. c4 Nb6 19. Qd3 bxc4
20. Nxc4 Nxc4 21. Qxc4 Qxc4 22. Bxc4 $16) 18. Rfe1 Rfd8 19. Qa2 (19. Nf1 $2 Nf6
20. Qd3 d5 $15) 19... Nc5 20. Bf1 Bg5 21. Nb3 {spätestens hier ist klar, dass
der weiße Plan nicht aufgegangen ist, der Springer hat auf b3 keine Zukunft}
Qc6 22. Na5 Qc7 23. Nb3 Qc6 24. Rd5 Nd7 25. Rd3 Nc5 26. Rf3 $5 (26. Rd5 {
mit Remisschluss wäre eine logische Folge gewesen. Doch Carlsen findet eine
interessante Ressource, der Partie noch einmal Leben einzuhauchen.}) 26... Rd7
{Diagramm [#]} 27. Na5 Qa8 28. Qd5 Qxd5 29. exd5 {Schwarz ist von seinem
Problemfeld d5 erlöst und kann nun seine Bauernmehrheit auf den Vormarsch
bringen. Weiß hingegen hat mit b4 nebst c4 und Spiel auf den weißen Feldern
einen ebenso konkreten Plan.} e4 30. Rh3 f5 31. Nc6 Rb6 32. b4 Na4 33. c4 Rc7
34. Rb3 {soweit verlief in diesem Partiestadium alles logisch, nun ist es für
beide Seiten schwer die Stellung wirklich zu verstärken ohne große Schwächen
zu kreieren.} Bd2 {gibt das Zugrecht ab, allerdings steht der Turm auf d1
schlechter als auf e1} (34... Bf6 35. f3 $13) 35. Rd1 Bg5 36. g3 Bf6 37. Rc1
Rbxc6 $5 {nicht erzwungen, da c5 wohl nicht drohte, aber aussichtsreich} (37...
Kg7 38. f3 $5 $13 (38. c5 $2 Rbxc6 39. dxc6 Rxc6 $15)) 38. dxc6 Rxc6 39. Rbb1
Bg5 40. Rc2 d5 41. c5 d4 42. Rd1 Bf6 $1 (42... d3 $2 43. Bxd3 exd3 44. Rxd3 $16
) 43. Rcd2 Nc3 {wickelt in ein Endspiel ab, dass mit etwas genauem Spiel von
Schwarz remis ist} 44. Rxd4 Nxd1 45. Rxd1 Bb2 46. Rd8+ Kf7 47. Ra8 Bxa3 48.
Bxb5 Rc7 (48... axb5 $2 49. Rxa3 $16) 49. Rxa6 Bxb4 50. c6 Ke7 51. Rb6 Bd6 52.
Rb7 1/2-1/2

[Event "Qatar Masters op"]
[Site "Doha"]
[Date "2015.12.28"]
[Round "8"]
[White "Mamedyarov, Shakhriyar"]
[Black "Carlsen, Magnus"]
[Result "0-1"]
[WhiteElo "2748"]
[BlackElo "2834"]
[Annotator "Sagar Shah/CB Website"]
[PlyCount "50"]
[EventDate "2015.12.20"]
[EventType "swiss"]
[EventRounds "9"]
[EventCountry "QAT"]
[SourceTitle "CBM 170"]
[Source "ChessBase"]
[SourceDate "2016.01.15"]
[SourceVersion "1"]
[SourceVersionDate "2016.01.15"]
[SourceQuality "1"]

1. d4 Nf6 2. c4 e6 3. Nf3 d5 4. Nc3 Bb4 5. Bg5 h6 6. Bxf6 Qxf6 7. e3 O-O 8. Rc1
dxc4 9. Bxc4 c5 10. O-O cxd4 11. Ne4 Qe7 12. exd4 {This is much more combative
than taking on d4 with the knight. The isolated pawn means that there is an
imbalance and an imbalance means that both sides have to play actively to make
use of their imbalances.} (12. a3 {is the new move with which Dubov beat Anand
in the World Rapid.}) 12... Rd8 13. Qe2 Nc6 14. Rfd1 Ba5 15. Ng3 Bb6 16. Qe4
Bd7 17. h4 $5 {Typical Mamedyarov. Until here everything had been seen in the
game Shimanov-Matlakov 2014. But this is a new move.} Be8 18. a3 Rd6 19. Qg4 $6
({It was a good time to think about equalising and getting rid of the isolated
pawn.} 19. d5 exd5 (19... Rad8 20. Qc2 $1 Rxd5 (20... exd5 21. Nf5 $16) 21.
Bxd5 exd5 $14) 20. Rxd5 Qxe4 21. Nxe4 Rxd5 22. Bxd5 Rd8 23. Nc3 $11) 19... Rad8
{Now the d4-pawn is just a weakness.} 20. d5 Qf8 $1 {You are not going to be
able to fool Magnus. He takes his queen away from the Nf5 fork tricks and gets
ready to take on d5.} 21. Qe4 Ne7 {Thanks to the pin on the d-file the pawn
cannot really move.} 22. Bd3 f5 $1 23. Qe5 Nxd5 24. Bxf5 $2 exf5 25. Nxf5 {
Did Mamedyarov stir up some complications once again?} Rc6 $1 {Not really! The
rook on c1 would be left hanging if the d-rook moved and if Rxc6 then bxc6
would solidify the position of the knight on d5.} 0-1